Response of sesame genotypes to waterlogging stress / (Record no. 16186)

MARC details
000 -LEADER
fixed length control field 01037nam a22002657a 4500
003 - CONTROL NUMBER IDENTIFIER
control field BD-DhSAU
005 - DATE AND TIME OF LATEST TRANSACTION
control field 20221103160123.0
008 - FIXED-LENGTH DATA ELEMENTS--GENERAL INFORMATION
fixed length control field 150612b2021 bg ad||| m||| 00| 0 eng d
040 ## - CATALOGING SOURCE
Original cataloging agency BD-DhSAU
082 ## - DEWEY DECIMAL CLASSIFICATION NUMBER
Edition number 22
Classification number 581
Item number H1143
100 ## - MAIN ENTRY--PERSONAL NAME
Personal name HABIBULLAH, MOHAMMAD
Relator term Registration no. # 13-05801
245 ## - TITLE STATEMENT
Title Response of sesame genotypes to<br/>waterlogging stress /
Remainder of title Ph.D. Thesis
260 ## - PUBLICATION, DISTRIBUTION, ETC. (IMPRINT)
Place of publication, distribution, etc. Sher-e-Bangla Agricultural Uniersity :
Name of publisher, distributor, etc. Department of Agricultural Botany,
Date of publication, distribution, etc. 2021
300 ## - PHYSICAL DESCRIPTION
Extent xx, 164p. :
Other physical details ill. ;
Dimensions 30 cm.
500 ## - GENERAL NOTE
General note MS thesis of Department of Agricultural Botany , <br/>Sher-e-Bangla Agricultural University, Dhaka, Bangladesh
504 ## - BIBLIOGRAPHY, ETC. NOTE
Bibliography, etc Includes bibliographical reference.
590 ## - Name of Cataloguer
Name of Cataloger Nazmul
650 ## - SUBJECT ADDED ENTRY--TOPICAL TERM
Topical term or geographic name as entry element sesame genotypes
650 ## - SUBJECT ADDED ENTRY--TOPICAL TERM
Topical term or geographic name as entry element waterlogging stress
651 ## - SUBJECT ADDED ENTRY--GEOGRAPHIC NAME
Geographic name rooftop garden
700 ## - ADDED ENTRY--PERSONAL NAME
Personal name Prof. Dr. Shahnaz Sarkar
Relator term Chaiman
700 ## - ADDED ENTRY--PERSONAL NAME
Personal name Prof. Dr. Md Kamal Uddin Ahmad
Relator term Member
856 ## - ELECTRONIC LOCATION AND ACCESS
Uniform Resource Identifier <a href="http://archive.saulibrary.edu.bd:8080/xmlui/handle/123456789/4326">http://archive.saulibrary.edu.bd:8080/xmlui/handle/123456789/4326</a>
942 ## - ADDED ENTRY ELEMENTS (KOHA)
Source of classification or shelving scheme Dewey Decimal Classification
Koha item type PhD Thesis
Holdings
Withdrawn status Lost status Source of classification or shelving scheme Damaged status Not for loan Collection code Home library Branch Name Date acquired Total Checkouts Full call number Barcode Date last seen Price effective from Koha item type
    Dewey Decimal Classification   Not For Loan Reference SAU Library SAU Library 03/11/2022   581 H1143 44063 03/11/2022 03/11/2022 PhD Thesis